Afrykańscy piłkarze - nagła śmierć - Statystyki

Ogólne statystyki
  • Ten quiz został rozwiązany 309 razy
  • Średni wynik to 10 z 14
Answers on the Grid
Answers color-coded by a green-red scale on the quiz's grid according to % correct below.
Mohamed Salah
Dele Alli
Sadio Mané
Mesut Özil
Pierre-Emerick Aubameyang
Alexandre Lacazette
Yaya Touré
Thiago Cionek
Didier Drogba
Kerem Aktürkoğlu
Tanguy Ndombele
Seydou Keita
Nicolas Pépé
N'Golo Kanté
Kalidou Koulibaly
Warren Zaïre-Emery
Wilfried Zaha
Thomas Partey
Ricardo Carvalho
Sami Khedira
Hakim Ziyech
Gervinho
Nicolò Zaniolo
Mario Götze
Victor Wanyama
Marco Reus
Nacer Chadli
Samuel Eto’o
 
Statystyki odpowiedzi
Odpowiedź % Poprawnych
Mohamed Salah
98%
Sadio Mané
90%
Pierre-Emerick Aubameyang
87%
Yaya Touré
84%
Didier Drogba
82%
Kalidou Koulibaly
68%
Samuel Eto’o
68%
Hakim Ziyech
64%
Seydou Keita
64%
Thomas Partey
59%
Wilfried Zaha
58%
Victor Wanyama
50%
Nicolas Pépé
49%
Gervinho
48%
Nie znaleziono quizów pasujących do podanych kryteriów
Rozkład punktacji
Procent ludzi z każdym wynikiem
Percentyl według liczby udzielonych odpowiedzi
Twoja historia wyników
Nie rozwiązałeś tego quizu